Harry Potter Logic Puzzle Quiz Stats

Quiz not verified by Sporcle

Challenge
Share
Tweet
Score 0/24 Timer 15:00
0 Plays Today
Hint % Correct




A1
Harry Potter~Only two of my blood related family members are in this quiz
100%




B4
Albus Dumbledore~Moony is directly below my favorite student
99.8%




C2
Albus S. Potter~Teddy's mom and I share a row
99.8%




D1
Katie Bell~I share a diagonal with a 'mass murderer' and he-who-must-not-be-named
99.8%




C4
Teddy Lupin~4 out of the 5 Gryffindors in Row 1 are male
99%




A2
Remus Lupin~Row 1 is made up of members of the DA, with Ginny's Ravenclaw friend in the upper right hand corner
94.1%




F1
Luna Lovegood~Hermione doesn't look too happy underneath 'that cow' of a prefect in B2
92.1%




B3
Hermione Granger~D3 has a taste for candied pineapple
91.4%




F3
Tom Riddle~There are 2 people in column E who's first name begins with 'L'
86.4%




D3
Horace Slughorn~Slug Club members(excluding Harry)make up row 3
83.4%




E2
Sirius Black~No one in this column is alive at the end of the series
82.7%




F2
Nymphadora Tonks~My son is beneath a former Seeker and chaser on the Gryffindor Quidditch team
80.8%
Hint % Correct




C3
Ginny Weasley~'Contant vigilance'-D2
80.3%




B1
Seamus Finnigan~The Dark Lord separates an aunt and her niece
79.7%




B2
Pansy Parkinson~The other Slytherin prefect is below a potions master
79.5%




E1
Fred Weasley~None of my brothers are in this quiz but a female weasley is in column 3
76.3%




D2
Alastor Moody~Hermione's date to Slughorn's Christmas party is on her left
74.8%




F4
Bellatrix Lestrange~Being so close to My Idol brings me great pleasure
74.7%




D4
Draco Malfoy~B1 had some problems turning water into rum
74.6%




A3
Cormac McLaggen~Good to see you minister!
73.2%




C1
Dean Thoma~There are only two people who have taught a class during Harry's time at Hogwarts
71.5%




E3
Lily Evans~Don't worry Molly, Sirius and I are watching over Fred
70.4%




A4
Cornelius Fudge~Sharing a row with Sirius Black's death eater cousin gives me the jitters
68.9%




E4
Lavender Brown~I'm glad to see that Seamus and Dean are next to each other
56.8%

You're not logged in!

Compare scores with friends on all Sporcle quizzes.
Sign Up with Email
OR
Log In

You Might Also Like...

Show Comments

Extras

Top Quizzes Today


Score Distribution

Your Account Isn't Verified!

In order to create a playlist on Sporcle, you need to verify the email address you used during registration. Go to your Sporcle Settings to finish the process.